The Impact of Virtual and Augmented Reality on Individuals and Society (Record no. 29459)
[ view plain ]
| 000 -LEADER | |
|---|---|
| fixed length control field | 00699nam a2200133Ia 4500 |
| 008 - FIXED-LENGTH DATA ELEMENTS--GENERAL INFORMATION | |
| fixed length control field | 220620s9999||||xx |||||||||||||| ||und|| |
| 020 ## - INTERNATIONAL STANDARD BOOK NUMBER | |
| International Standard Book Number | 9782890000000 |
| 245 #4 - TITLE STATEMENT | |
| Title | The Impact of Virtual and Augmented Reality on Individuals and Society |
| 546 ## - LANGUAGE NOTE | |
| Language note | English[eng] |
| 650 ## - SUBJECT ADDED ENTRY--TOPICAL TERM | |
| Topical term or geographic name entry element | virtual reality||VR||virtual environments||Societal impact||Law||Ethics||Immersion||presence||serious games||Medicine||clinical psychology||Journalism||entertainment||long term effects |
| 700 ## - ADDED ENTRY--PERSONAL NAME | |
| Personal name | Slater, Mel||Sanchez-Vives, Maria V.||Rizzo, Albert||Bergamasco, Massimo |
| 856 ## - ELECTRONIC LOCATION AND ACCESS | |
| Uniform Resource Identifier | <a href="https://www.frontiersin.org/research-topics/5554/the-impact-of-virtual-and-augmented-reality-on-individuals-and-society">https://www.frontiersin.org/research-topics/5554/the-impact-of-virtual-and-augmented-reality-on-individuals-and-society</a> |
| 942 ## - ADDED ENTRY ELEMENTS (KOHA) | |
| Koha item type | E-Books |
| Withdrawn status | Lost status | Damaged status | Not for loan | Home library | Current library | Date acquired | Total Checkouts | Date last seen | Price effective from | Koha item type |
|---|---|---|---|---|---|---|---|---|---|---|
| Kerala University of Digital Sciences, Innovation and Technology Knowledge Centre | Kerala University of Digital Sciences, Innovation and Technology Knowledge Centre | 20/06/2022 | 20/06/2022 | 20/06/2022 | E-Books |